000 00491nam a22001812 4500
001 0000008871
005 20151217160118.0
008 080612s xx 000 0 eng d
020 _a0521578582 :
_cKES 205
040 _aKABU
_cKABU
100 1 _aMouton, Fred.
_@0000159638
245 1 0 _aVusirala yhe giant /
_cFred Mouton.
260 _aCambridge :
_bC. U. P.,
_c1996.
300 _a16 p.
908 _a080612
950 _@1
999 _c14446
_d14446